[Event "ARM-ch Rapid 2019"]
[Site "Yerevan"]
[Date "2019.01.22"]
[Round "1.9"]
[White "Martirosyan, Garik"]
[Black "Petrosyan, Manuel"]
[Result "1-0"]
[WhiteElo "2135"]
[BlackElo "2579"]
[Annotator "TA"]
[PlyCount "107"]
[EventDate "2019.01.22"]
[EventType "tourn"]
[EventCountry "ARM"]

{[%evp 27,107,0,5,0,0,-10,0,-6,-8,-84,-48,-116,-110,-182,-189,-179,-140,-141,-135,-136,-121,-160,-32,-37,-52,-43,-6,-27,0,0,0,0,0,-41,-45,-31,-20,-62,-64,-75,-58,-85,-64,-62,-83,-172,175,120,121,145,270,202,223,221,229,237,216,226,215,231,222,210,281,260,609,609,609,623,641,617,889,861,834,825,809,809,798,787,764,734,807,802]} 1. d4 Nf6 2. c4 e6 3. Nf3 b6 4. a3 Bb7 5. Nc3 d5 6. cxd5 Nxd5 7. e3 {[%cal Be2e3,Be3e4][%mdl 32]} Be7 8. Bb5+ c6 9. Bd3 c5 10. e4 Nxc3 11. bxc3 O-O 12. O-O Qc7 13. Qe2 Nd7 14. Bb2 Rfd8 15. Qe3 {E12: Queen's Indian: Unusual White 4th moves, 4 a3, 4 Nc3 Bb7 5 a3 and 4 Nc3 Bb7} (15. Nd2 Ne5 16. Bb1 Nc6 17. Nf3 Bf6 18. Rd1 Rd7 19. Ba2 Na5 20. g3 Rad8 21. Rd2 Qc8 22. Rad1 Ba6 {1-0 (56) Wang,H (2735)-Leko,P (2730) Beijing 2013}) 15... Rac8 16. Rad1 e5 $146 ({Predecessor:} 16... g6 17. a4 Re8 18. Nd2 Qc6 19. d5 exd5 20. exd5 Qf6 21. Qh3 Nf8 22. Ne4 Qe5 {1-0 (30) Zaichik,G (2580)-Paschall,W (2487) Lowell 2003}) 17. d5 {The position is equal.} c4 18. Be2 (18. Bc2 $11 {remains equal.}) 18... b5 19. Ng5 (19. a4 $15) 19... Nc5 20. h4 (20. Bg4 $17) 20... h6 $19 21. Nf3 {[%cal Bg5f3,Bf3h2,Bh2g4][%mdl 32]} Bd6 22. Nh2 Qe7 23. g3 Na4 24. Bc1 Bxa3 ({Better is} 24... f5 $17 25. Bf3 Bc5) 25. Bxa3 $15 Qxa3 26. Qxa7 Rb8 27. Ng4 Qxc3 28. Ne3 Qb2 29. Bf3 $1 (29. Bxc4 Nc3 $17) 29... Nc3 30. Rde1 Qa2 $36 {[%mdl 2048] Black is pushing.} 31. Qc5 $1 Bc8 {And now ...Bh3 would win.} 32. Qc7 Bh3 33. Ra1 Qb2 34. Rfe1 Rdc8 35. Qe7 Re8 36. Qc7 (36. Qa7 $17 {was called for.}) 36... Qb4 $4 {[%mdl 8192]} (36... Rbc8 $19 {and life is good for Black.} 37. Qa5 b4) 37. Ra7 (37. Kh2 $18) 37... Rf8 $16 {[#] White must now prevent ...Nxd5!} 38. Rc1 $1 {Kh2 is the strong threat.} Na4 (38... Rbd8 $16) 39. Bh5 ({And not} 39. Qxe5 Nc5 $11) 39... Qc5 40. Bxf7+ Kh8 {[#]} 41. d6 $1 {[%cal Bd5d6,Bd6c7][%mdl 32]} Qxc7 42. dxc7 Rbc8 {[#]} 43. Bxc4 $1 {[%mdl 512]} bxc4 44. Rxa4 Be6 45. Ra6 ({Inferior is} 45. Nxc4 Rxc7 46. Ra5 Rxc4 $17) 45... Bd7 $2 (45... Rfe8 46. Rc6 (46. Nxc4 $2 Rxc7 47. Rc2 Bxc4 $19) 46... Re7 47. Nxc4 Rcxc7 48. Nxe5 Rxc6 49. Rxc6 Bf5 50. exf5 Rxe5) 46. Nd5 $18 {White is clearly winning.} Bg4 47. Rc6 Bd7 48. Rd6 Rf7 49. Rxc4 Bg4 50. Rd8+ Kh7 51. Rxc8 Bxc8 52. Nb6 Rf8 53. Rc5 Re8 54. Rd5 {Accuracy: White = 53%, Black = 38%.} 1-0

[Event "ARM-ch Rapid 2019"]
[Site "Yerevan"]
[Date "2019.01.22"]
[Round "1.10"]
[White "Sargsyan, Shant"]
[Black "Gevorgyan, Maria"]
[Result "1-0"]
[WhiteElo "2486"]
[BlackElo "2228"]
[Annotator "TA"]
[PlyCount "89"]
[EventDate "2019.01.22"]
[EventType "tourn"]
[EventCountry "ARM"]

{[%evp 17,89,-7,-5,-9,8,10,10,10,23,21,18,11,47,44,40,12,49,54,50,30,31,31,32,26,150,148,142,31,108,73,78,69,76,68,162,181,284,191,233,232,453,445,645,618,650,754,756,648,751,591,775,651,767,754,819,806,939,905,713,843,836,827,796,770,1142,989,1495,1420,1174,1021,5617,5601,2698,814]} 1. e4 e5 2. Nf3 Nf6 $146 (2... Nc6 3. d4 exd4 4. Nxd4 Nf6 {0-1 (28) Morozevich,A (2656)-Mamedyarov,S (2817) St Petersburg 2018}) ({Predecessor:} 2... Nc6 3. Nc3 {½-½ (71) Mastrovasilis,D (2601)-Salgado Lopez,I (2662) Baku 2016}) 3. Nc3 Nc6 4. d4 exd4 5. Nxd4 Bb4 6. Nxc6 bxc6 7. Bd3 d5 8. exd5 cxd5 9. O-O O-O 10. h3 {C47: Scotch Four Knights and Four Knights with 4 g3} h6 (10... c6 11. Qf3 Bd6 12. Bf4 Be6 13. b3 c5 14. Rad1 Bxf4 15. Qxf4 Qa5 16. Qd2 c4 17. Be2 Rac8 18. bxc4 dxc4 {0-1 (28) Morozevich,A (2656)-Mamedyarov,S (2817) St Petersburg 2018}) ({Predecessor:} 10... c6 11. Qf3 {½-½ (71) Mastrovasilis,D (2601)-Salgado Lopez,I (2662) Baku 2016}) 11. Qf3 c6 12. Bf4 {The position is equal.} Bd6 13. Rfe1 Rb8 14. b3 Rb4 15. Bxd6 Qxd6 16. Rad1 ({Predecessor:} 16. Qe3 a5 17. Qe7 Rd8 {½-½ (71) Mastrovasilis,D (2601)-Salgado Lopez,I (2662) Baku 2016}) 16... Rf4 17. Qe3 $36 {[%mdl 2048] White is more active.} Rh4 18. Qg3 Qxg3 19. fxg3 Rb4 20. Na4 Ne4 (20... Rd8 $11) 21. Bxe4 $16 Rxe4 22. Nc5 (22. Rxe4 $16 dxe4 23. Kf2) 22... Rb4 (22... Rxe1+ $14 23. Rxe1 f6) 23. c3 Rb5 24. b4 a5 25. Rd4 Rd8 (25... f6 $14) 26. Re7 $18 Bf5 (26... axb4 $142 27. cxb4 Rb8) 27. g4 Bc2 28. a4 Kf8 $2 {[#]} (28... Bxa4 29. Nxa4 axb4) 29. Rc7 {White is clearly winning.} ({Weaker is} 29. axb5 Kxe7 30. bxc6 axb4 $18) 29... Rb6 (29... Rxc5 $142 30. bxc5 Rb8 31. Rxc6 Rb1+ 32. Kf2 Be4) 30. Rf4 axb4 31. Ne6+ Kg8 32. Nxd8 b3 {intending ...b2.} 33. Rb7 Rxb7 34. Nxb7 b2 35. Rb4 b1=Q+ 36. Rxb1 Bxb1 {[%mdl 4096] Endgame KB-KN} 37. Nc5 Ba2 38. a5 Bc4 39. a6 Bxa6 40. Nxa6 {KN-KP} Kf8 41. Nb4 Ke7 42. Nxc6+ Kd6 43. Nd4 Kc5 44. Kf2 Kc4 45. Ne2 {Accuracy: White = 72%, Black = 29%.} 1-0

[Event "ARM-ch Rapid 2019"]
[Site "Yerevan"]
[Date "2019.01.22"]
[Round "2.1"]
[White "Hovhannisyan, Robert"]
[Black "Poghosyan, Suren"]
[Result "1-0"]
[WhiteElo "2637"]
[BlackElo "2303"]
[Annotator "TA"]
[PlyCount "151"]
[EventDate "2019.01.22"]
[EventType "tourn"]
[EventCountry "ARM"]

{[%evp 19,151,55,90,73,74,59,45,39,22,33,28,13,20,6,9,0,0,0,0,-36,-39,-31,-33,-75,-23,-45,-30,-26,-19,-52,-44,-105,-100,-110,-122,-96,-54,-101,-47,-72,-44,-50,0,-2,0,-6,4,0,8,8,17,10,44,19,65,65,65,65,65,65,65,65,70,65,65,17,41,41,41,41,41,41,41,8,8,8,8,8,8,8,8,8,8,8,8,0,8,8,8,7,7,7,7,7,8,8,8,8,8,8,8,8,8,8,8,8,8,8,8,8,8,8,8,8,8,8,8,8,8,8,8,8,8,8,8,8,12,8,29985,29986,29990,29991,29991,29992]} 1. e4 e6 2. d4 d5 3. Nd2 Nc6 4. Ngf3 Nf6 5. e5 Nd7 6. Bd3 Nb4 7. Be2 c5 8. c3 Nc6 9. O-O f6 {C04: French Tarrasch: 3...Nc6} (9... a5 10. a4 Be7 11. Nb1 O-O 12. Na3 cxd4 13. cxd4 f6 14. exf6 Nxf6 15. Nb5 Bd7 16. Re1 Ne4 17. Bd3 {1-0 (25) Nisipeanu,L (2687)-Richter,M (2505) Germany 2016}) 10. exf6 Qxf6 {[%cal Rc5d4] LiveBook: 5 Publish game on website} 11. dxc5 Bxc5 {White is better.} 12. Nb3 Bb6 $146 ({You set blue moves yourself with the critical opening position annotation.:} 12... Bd6 13. Bg5 Qf7 14. Bd3 e5 15. Re1 O-O 16. Bh4 e4 17. Ng5 {0-1 (55) Bacsi,A (1794)-Martynov,P (1697) Budapest 2014}) 13. a4 O-O 14. a5 Bc7 15. Ra4 Qd8 16. a6 bxa6 17. Bxa6 Nb6 18. Bxc8 Rxc8 19. Rg4 {With the idea &Lh6.} Qd6 $36 {[%mdl 2048] [#] White must now prevent ...&Vf3! Black has the initiative.} 20. g3 e5 21. Be3 Rf6 (21... Nd7 $17) 22. Rh4 Nc4 23. Bc5 Qd8 24. Qe2 Nxb2 25. Ng5 (25. Nfd2 $15) 25... h6 $17 26. Ne4 dxe4 27. Qxb2 Rb8 28. Qc2 Qd3 ({Black should play} 28... Qd5 $17 29. c4 Qd3 30. Qxd3 exd3) 29. Na1 Qxc2 (29... Ba5 {NOTEXT-194} 30. Rc1 Qxc2 31. Nxc2 Bxc3 32. Rxe4 Rb2) 30. Nxc2 Rb2 31. Nb4 Nxb4 (31... Bb6 {NOTEXT-191} 32. Bxb6 axb6 33. Rxe4 Nxb4 34. cxb4 b5) 32. cxb4 Bb6 33. Rxe4 Bxc5 34. bxc5 $11 {[%mdl 4096] General book An&V&V-An&V&V} Rc2 35. Rxe5 Rc6 36. Ra1 (36. Re8+ {NOTEXT-196} Kh7 37. Re7 a6 38. Rd1 R2xc5 39. Rdd7) 36... R2xc5 37. Rxc5 Rxc5 38. Rxa7 {An&V-An&V} Kh7 39. Kg2 Rb5 40. Ra2 Rc5 41. Re2 h5 42. f4 g6 43. Re5 Rc2+ 44. Kh3 Kg7 45. Re6 Ra2 46. Kh4 Kf7 47. Rb6 (47. Rc6 {NOTEXT-190} Rxh2+ 48. Kg5 Rh3 49. Rc3 Kg7 50. Ra3) 47... Rxh2+ 48. Kg5 Rg2 49. Rb7+ Ke6 50. Rb3 Kf7 51. Ra3 Rg1 52. Ra7+ Ke6 53. Ra6+ Kf7 54. Rf6+ Ke7 55. Rxg6 Rxg3+ 56. Kxh5 Rh3+ 57. Kg5 Kf7 58. Ra6 Rg3+ 59. Kf5 Rb3 60. Ra7+ Kg8 61. Re7 Rb5+ 62. Kf6 {Black should prevent &Ve8.} Rb6+ 63. Re6 Rb1 64. Re8+ Kh7 65. f5 {Hoping for Anf7.} Rf1 66. Re5 {next Anf7 is good for White.} Kg8 67. Re2 Kh7 68. Rg2 Ra1 69. Rg7+ Kh8 {...&Va6 is the strong threat.} 70. Re7 {Strongly threatening Anf7.} Rf1 71. Kg6 {[%cal Re7e8]} Rg1+ 72. Kf7 Ra1 73. f6 {White wants to mate with &Ve3.} Ra2 $2 {[%mdl 8192] [#]} (73... Kh7 $11) 74. Re1 {White mates.} Ra7+ 75. Kg6 {[%cal Re1e8]} Ra8 76. Rh1+ {NOTEXT-4805: Tournament = 51%, Annotator = 48%.} 1-0

[Event "ARM-ch Rapid 2019"]
[Site "Yerevan"]
[Date "2019.01.22"]
[Round "2.2"]
[White "Yayloyan, Konstantin"]
[Black "Mikaelyan, Arman"]
[Result "1/2-1/2"]
[WhiteElo "2327"]
[BlackElo "2474"]
[Annotator "TA"]
[PlyCount "129"]
[EventDate "2019.01.22"]
[EventType "tourn"]
[EventCountry "ARM"]

{[%evp 22,129,-19,-19,320,218,213,214,262,52,69,62,59,0,0,0,0,0,131,138,132,139,139,127,120,0,124,-43,156,-115,-128,-119,-141,-136,-152,-212,-194,-410,-22,-145,-156,-128,-36,-78,22,25,23,22,22,22,20,20,23,16,16,16,17,19,16,16,54,54,80,87,80,72,244,231,200,0,0,0,0,-8,-8,-12,0,-34,-34,-29958,0,0,0,0,0,0,0,0,0,0,0,0,0,0,0,0,0,0,0,0,0,0,0,0,0,0,0,0,0,0]} 1. e4 e5 2. Nf3 Nc6 3. Bc4 Nf6 4. d3 Bc5 5. O-O O-O 6. c3 d5 7. exd5 Nxd5 8. Re1 Bg4 9. h3 {C54: Giuoco Piano: 4 c3 Nf6, main lines with 5 d4 and 5 d3} (9. Nbd2 Nb6 10. h3 Bh5 11. Bb3 Kh8 12. Ne4 Bd6 13. g4 Bg6 14. d4 exd4 15. Nxd4 Nxd4 16. Qxd4 Be7 {1-0 (48) Giri,A (2783)-Inarkiev,E (2693) St Petersburg 2018}) 9... Bh5 10. g4 Bg6 11. Nxe5 Nxe5 12. Rxe5 {LiveBook: 18 Publish game on website} Qh4 $2 {[%mdl 8192]} (12... c6 $1 $11) 13. Qf3 Rae8 $146 ({You set blue moves yourself with the critical opening position annotation.:} 13... Nf6 14. d4 Nd7 15. Rxc5 Nxc5 16. dxc5 Kh8 {1-0 (37) Boudechiche,M (1568)-Oussedik,N Chenoua 2011}) 14. Rxd5 Bxf2+ 15. Kg2 $2 ({White has to play} 15. Qxf2 $18 Re1+ 16. Kg2 Qxf2+ 17. Kxf2 Rxc1 18. Rd7) 15... Bb6 $1 $14 16. Bd2 {aiming for &Wa3.} Re7 17. Rf5 (17. Rh5 $1 $14 Bxh5 18. gxh5) 17... Rfe8 18. d4 $1 Bxf5 19. gxf5 {Black must now prevent &Wa3.} Bxd4 (19... c5 $11 {keeps the balance.}) 20. cxd4 $16 Qxd4 21. Bf1 $1 {And now &Lc3 would win.} Qxb2 22. Qc3 Qb6 {( -> ...&Ve2!)} 23. Qf3 (23. Qg3 $1 $16) 23... Rd8 (23... Qb2 $11 {remains equal.} 24. Qc3 Qb6) 24. Bg5 $2 (24. Qg3 $16) 24... f6 $2 (24... Qb2+ $15 {keeps the upper hand.} 25. Qf2 Qxa1 26. Bxe7 Re8) 25. Qb3+ $2 (25. Bc1 $16 {stays on course.}) 25... Qxb3 $17 26. axb3 {Strongly threatening &Lf4.} fxg5 27. Rxa7 c6 28. Nc3 (28. Bc4+ $17 Kf8 29. Ra2) 28... Re3 $19 29. Bc4+ $2 (29. Ne2 {is the only way for White.}) 29... Kh8 $2 ({Black should play} 29... Kf8 $19 30. Ne2 b5) 30. Ne2 (30. Nd1 $1 $11 Re7 31. Nf2) 30... b5 $17 31. Kf2 {[#]} Rxh3 (31... Re5 $1 $17 32. Be6 g6) 32. Be6 $15 {Threatens to win with f6!} h5 (32... Rh4 $17 33. Rc7 h5 34. Rxc6 Rh2+ 35. Ke3 h4) 33. f6 $1 $11 {[%cal Rf6g7]} Rh2+ 34. Kg3 gxf6 35. Nf4 gxf4+ 36. Kxh2 {[%mdl 4096] General book An&V&L-An&V} Re8 37. Bf7 Re3 38. Rc7 h4 39. Rxc6 Kg7 40. Bd5 Rd3 41. Rc5 b4 42. Bc4 Rc3 43. Rf5 f3 $2 (43... Kg6 $16 44. Rxf4 Kg5) 44. Kh3 $18 Kg6 45. Rc5 $2 (45. Rf4 $18) 45... f5 $11 46. Rc8 ({Don't go for} 46. Kxh4 $2 f2 $19) 46... Kg5 47. Rf8 Rc1 {[%cal Rc1h1]} 48. Kh2 Rc2+ 49. Kg1 h3 50. Rxf5+ $2 {[%mdl 8192]} (50. Rh8 $15) 50... Kg4 $2 (50... Kxf5 {Radio} 51. Bd3+ Kf4 52. Bxc2 Ke3 53. Bd1 {[#]} h2+ $1 {[%mdl 576] NOTEXT-4839} 54. Kxh2 f2 55. Kg2 Kd2 56. Bg4 Ke1 57. Kf3 f1=Q+ 58. Ke4 Qg2+ 59. Kf5 Qg3 60. Bh5 Qh3+ 61. Bg4 Qxb3 62. Kf4 Qc4+ 63. Kg5 Qc1+ 64. Kg6 Qc6+ 65. Kf7 Qc7+ 66. Kg6 Qg3 67. Kh5 b3 68. Bf5 Qg7 69. Bb1 Kf2 70. Bg6 Kg3 71. Kg5 b2 72. Kh5 Kf4 73. Kh4 Qxg6 74. Kh3 Qg3#) 51. Rf8 {The position is equal.} Rc1+ (51... Kg3 $5 52. Rg8+ $8 Kf4 $11) 52. Kh2 {&Le6 is the strong threat.} Rc2+ 53. Kg1 Rg2+ (53... Kg3 $5 54. Rg8+ $8 Kf4 $11) 54. Kh1 Rd2 55. Kg1 Kg3 56. Rg8+ Kf4 57. Rf8+ Kg3 58. Rg8+ Kh4 59. Rh8+ Kg3 60. Rg8+ Kf4 61. Rf8+ Ke3 (61... Kg3 $5 62. Rg8+ $8 $11) 62. Re8+ Kf4 63. Rf8+ Kg3 64. Rg8+ Kh4 65. Rh8+ {NOTEXT-4805: Tournament = 42%, Annotator = 41%.} 1/2-1/2

[Event "ARM-ch Rapid 2019"]
[Site "Yerevan"]
[Date "2019.01.22"]
[Round "2.3"]
[White "Danielyan, Vahe"]
[Black "Sargsyan, Shant"]
[Result "1/2-1/2"]
[WhiteElo "2186"]
[BlackElo "2486"]
[Annotator "TA"]
[PlyCount "145"]
[EventDate "2019.01.22"]
[EventType "tourn"]
[EventCountry "ARM"]

{[%evp 20,145,36,44,41,32,30,23,65,60,70,73,103,101,108,97,107,107,107,107,107,111,111,111,111,109,112,108,106,108,108,103,108,106,128,128,126,126,126,126,133,129,128,121,141,124,124,112,175,120,131,132,162,152,172,165,156,127,214,120,235,195,184,183,179,190,193,192,183,174,194,193,168,131,138,132,184,160,306,310,314,206,286,239,265,265,279,273,211,231,337,370,988,341,4133,1068,1933,0,0,0,0,0,0,0,0,0,19,31,81,0,0,0,0,0,0,0,0,0,0,0,0,0,0,0,0,0,0,0]} 1. e4 c6 2. Nc3 d5 3. Nf3 dxe4 4. Nxe4 Nf6 5. Qe2 Nxe4 6. Qxe4 Qd5 {B11: Caro-Kann: Two Knights Variation} 7. Qh4 Qe6+ 8. Be2 Qg4 9. Qg3 Qxg3 10. hxg3 Bf5 11. b3 {LiveBook: 11 Games} Nd7 12. Bb2 e6 13. O-O-O {[#]} Rg8 $146 ({Predecessor:} 13... h6 14. Nh4 {1-0 (65) Howell,D (2657)-Svane,R (2560) chess.com INT 2017}) 14. Nh4 Bg6 15. f4 Be7 16. g4 Bxh4 17. Rxh4 h6 18. Rf1 f6 19. Bc4 Bf7 20. Re1 Nb6 21. Bxe6 Bxe6 22. Rxe6+ Kf7 23. Re1 Nd5 24. g3 Rge8 {[%cal Re8e1]} 25. Rhh1 c5 26. Kd1 Red8 {[#]} 27. g5 $1 {[%mdl 512]} hxg5 (27... fxg5 28. fxg5) 28. fxg5 fxg5 29. Rhf1+ Nf6 30. Rf5 b6 31. Rxg5 Rd7 32. d3 Rh8 33. Rf1 Rh3 (33... Rh6 $16 34. Kd2 Rg6) 34. a4 (34. g4 $18) 34... Rd6 35. a5 Re6 36. Rf2 Rh1+ 37. Kd2 Rg1 38. a6 Rge1 (38... Rb1 $16 {was worth a try.}) 39. Bc3 ({White should play} 39. Bxf6 $1 $18 gxf6 40. Rg4) 39... Re8 (39... Rg1 $16 40. g4 Rh1) 40. Rgf5 {[%cal Rc3f6]} R1e6 41. g4 {g5 is the strong threat.} Kg6 42. Bxf6 gxf6 $18 {[%mdl 4096] Endgame KRR-KRR} 43. Rd5 R8e7 44. Kc3 Rh7 45. Rd8 Rg7 46. b4 cxb4+ 47. Kxb4 Kg5 (47... Re1 $16 48. Rf8 Kg5) 48. Rd5+ Kh4 (48... Kg6 $16 49. c4 Rf7) 49. c4 Kg3 50. Rd2 Ree7 51. Rd6 Ref7 52. d4 $1 Rxg4 53. d5 f5 54. Rd3+ Kg2 {[#]} (54... Kh4 {was necessary.} 55. Rh6+ Kg5) 55. Re6 $1 Rg3 $2 (55... Kf2 56. d6 Rg8) 56. Rd2+ $2 (56. Rxg3+ Kxg3 57. d6) 56... Kh3 $2 (56... Kf3 57. d6 Rgg7) 57. d6 (57. Rh6+ $142 Kg4 58. d6) 57... Rgg7 58. Rde2 $2 (58. Re1 $18 f4 59. Rh1+ Kg4 60. Rg1+ Kh3 61. Rxg7 Rxg7 62. d7) 58... f4 $11 59. Re7 f3 60. R2e3 Kg2 61. d7 {Black must now prevent Rxf7.} Rxe7 62. Rxe7 Rxe7 63. d8=Q f2 $1 {[#]} 64. Qxe7 (64. Qd5+ $1 $16 Kg3 65. Qg5+ Kh2 66. Qh4+ (66. Qxe7 f1=Q $11) 66... Kg2 67. Qg5+ (67. Qxe7 f1=Q $11) 67... Kh2 68. Qf5 (68. Qxe7 f1=Q $11)) 64... f1=Q {KQ-KQ. The position is equal.} 65. Qg7+ Kh3 66. Qh7+ Kg2 67. Kb5 {aiming for Qg8+.} Qf8 {Strongly threatening ...Qc5+.} 68. Qb7+ Kg1 69. Qd5 Qe8+ 70. Kb4 Qe1+ 71. Kb3 Qb1+ 72. Kc3 Qa1+ 73. Kd2 {Accuracy: White = 69%, Black = 45%.} 1/2-1/2

[Event "ARM-ch Rapid 2019"]
[Site "Yerevan"]
[Date "2019.01.22"]
[Round "2.4"]
[White "Davtyan, David Arm."]
[Black "Ter-Sahakyan, Samvel"]
[Result "1/2-1/2"]
[WhiteElo "2346"]
[BlackElo "2574"]
[PlyCount "215"]
[EventDate "2019.01.22"]
[EventType "tourn"]
[EventCountry "ARM"]
[TimeControl "40/5400+30:1800+30"]
[WhiteClock "0:00:45"]
[BlackClock "0:01:59"]

1. Nf3 {[%emt 1:15:14]} d5 {[%emt 1:15:12]} 2. d4 {[%emt 0:00:23]} Nf6 {[%emt 0:00:25]} 3. g3 {[%emt 0:00:22]} g6 {[%emt 0:00:48]} 4. Bg2 {[%emt 0:00:22]} Bg7 {[%emt 0:00:21]} 5. O-O {[%emt 0:00:22]} c6 {[%emt 0:00:22]} 6. c4 {[%emt 0:00:24]} dxc4 {[%emt 0:00:22]} 7. a4 {[%emt 0:01:00]} O-O {[%emt 0:02:14]} 8. Nc3 {[%emt 0:00:42]} a5 {[%emt 0:00:37]} 9. e4 {[%emt 0:01:10]} Na6 {[%emt 0:01:00]} 10. Qe2 {[%emt 0:00:50]} Nb4 {[%emt 0:00:43]} 11. Qxc4 {[%emt 0:01:05]} b6 {[%emt 0:00:21]} 12. Rd1 {[%emt 0:01:04]} Ba6 {[%emt 0:00:21]} 13. Qb3 {[%emt 0:00:24]} e6 {[%emt 0:02:11]} 14. Bf4 {[%emt 0:02:15]} Rc8 {[%emt 0:00:43]} 15. Ne5 {[%emt 0:00:48]} Nd7 {[%emt 0:00:56]} 16. Nc4 {[%emt 0:02:40]} Bxc4 {[%emt 0:03:15]} 17. Qxc4 {[%emt 0:00:22]} Qe7 {[%emt 0:00:21]} 18. Qe2 {[%emt 0:01:30]} e5 {[%emt 0:00:45]} 19. dxe5 {[%emt 0:00:22]} Nxe5 {[%emt 0:00:22]} 20. Be3 {[%emt 0:00:22]} Qe6 {[%emt 0:04:00]} 21. Bxb6 {[%emt 0:01:35]} c5 {[%emt 0:01:03]} 22. Bxa5 {[%emt 0:00:25]} Nbc6 {[%emt 0:01:02]} 23. Bb6 {[%emt 0:00:32]} Nd4 {[%emt 0:00:22]} 24. Rxd4 {[%emt 0:00:26]} cxd4 {[%emt 0:00:21]} 25. Bxd4 {[%emt 0:00:21]} Qc4 {[%emt 0:01:15]} 26. Bxe5 {[%emt 0:00:44]} Qxe2 {[%emt 0:00:38]} 27. Nxe2 {[%emt 0:00:21]} Bxe5 {[%emt 0:00:21]} 28. Nc3 {[%emt 0:00:22]} Rfd8 {[%emt 0:01:02]} 29. f4 {[%emt 0:02:39]} Bd4+ {[%emt 0:00:27]} 30. Kf1 {[%emt 0:00:22]} Rb8 {[%emt 0:01:28]} 31. Ra2 {[%emt 0:01:08]} Bc5 {[%emt 0:01:01]} 32. Nd5 {[%emt 0:00:53]} Rb3 {[%emt 0:00:31]} 33. a5 {[%emt 0:01:39]} Kg7 {[%emt 0:00:48]} 34. a6 {[%emt 0:02:00]} Rdb8 {[%emt 0:00:21]} 35. a7 {[%emt 0:00:42]} Ra8 {[%emt 0:00:20]} 36. Ra5 {[%emt 0:00:20]} Bd4 {[%emt 0:00:51]} 37. Ra4 {[%emt 0:00:22]} Bc5 {[%emt 0:00:52]} 38. Ra5 {[%emt 0:00:23]} Bd4 {[%emt 0:00:30]} 39. Ra4 {[%emt 0:00:22]} Bc5 {[%emt 0:00:20]} 40. Ra5 {[%emt 0:00:23]} Rxa7 {[%emt 0:00:43]} 41. Rxc5 {[%emt 0:30:22]} Rxb2 {[%emt 0:30:20]} 42. Rc1 {[%emt 0:01:00]} Raa2 {[%emt 0:00:24]} 43. Ne3 {[%emt 0:00:34]} Rf2+ {[%emt 0:00:32]} 44. Kg1 {[%emt 0:00:21]} Rfe2 {[%emt 0:00:21]} 45. Rc3 {[%emt 0:00:25]} h5 {[%emt 0:00:59]} 46. Bf1 {[%emt 0:00:40]} Re1 {[%emt 0:00:31]} 47. h3 {[%emt 0:00:48]} Rae2 {[%emt 0:00:33]} 48. Ng2 {[%emt 0:00:37]} Ra1 {[%emt 0:00:24]} 49. e5 {[%emt 0:00:32]} Rd2 {[%emt 0:00:31]} 50. g4 {[%emt 0:00:27]} hxg4 {[%emt 0:00:22]} 51. hxg4 {[%emt 0:00:21]} Rdd1 {[%emt 0:00:41]} 52. Ne3 {[%emt 0:00:23]} Rd4 {[%emt 0:00:22]} 53. Rc4 {[%emt 0:00:26]} Rd2 {[%emt 0:00:23]} 54. f5 {[%emt 0:00:28]} gxf5 {[%emt 0:00:22]} 55. gxf5 {[%emt 0:00:23]} Ra5 {[%emt 0:00:51]} 56. Re4 {[%emt 0:00:55]} Rc5 {[%emt 0:00:33]} 57. Rg4+ {[%emt 0:00:28]} Kf8 {[%emt 0:00:23]} 58. Rh4 {[%emt 0:00:37]} Kg7 {[%emt 0:00:37]} 59. Rg4+ {[%emt 0:00:45]} Kf8 {[%emt 0:00:22]} 60. Nc4 {[%emt 0:00:27]} Ra2 {[%emt 0:00:32]} 61. f6 {[%emt 0:00:27]} Rd5 {[%emt 0:00:29]} 62. Rh4 {[%emt 0:00:27]} Kg8 {[%emt 0:00:21]} 63. Rg4+ {[%emt 0:01:19]} Kf8 {[%emt 0:00:30]} 64. Rg5 {[%emt 0:00:00]} Rd1 {[%emt 0:00:23]} 65. Ne3 {[%emt 0:00:28]} Re1 {[%emt 0:00:39]} 66. Rh5 {[%emt 0:00:39]} Ke8 {[%emt 0:00:23]} 67. Ng2 {[%emt 0:01:04]} Rc1 {[%emt 0:00:23]} 68. Rh7 {[%emt 0:00:35]} Ra5 {[%emt 0:00:41]} 69. e6 {[%emt 0:00:33]} fxe6 {[%emt 0:00:23]} 70. Re7+ {[%emt 0:00:22]} Kf8 {[%emt 0:00:21]} 71. Nf4 {[%emt 0:00:27]} Rg5+ {[%emt 0:00:23]} 72. Kh2 {[%emt 0:00:25]} Rxf1 {[%emt 0:00:38]} 73. Nxe6+ {[%emt 0:00:21]} Kg8 {[%emt 0:00:21]} 74. Re8+ {[%emt 0:00:21]} Kf7 {[%emt 0:00:29]} 75. Nxg5+ {[%emt 0:00:49]} Kxe8 {[%emt 0:00:21]} 76. f7+ {[%emt 0:00:21]} Kf8 {[%emt 0:00:27]} 77. Kg3 {[%emt 0:00:22]} Kg7 {[%emt 0:00:23]} 78. Kg4 {[%emt 0:00:37]} Kg6 {[%emt 0:00:25]} 79. Nf3 {[%emt 0:00:31]} Kxf7 {[%emt 0:00:23]} 80. Kf4 {[%emt 0:00:23]} Kf6 {[%emt 0:00:41]} 81. Ke4 {[%emt 0:00:22]} Ra1 {[%emt 0:00:13]} 82. Nd4 {[%emt 0:00:23]} Ra5 {[%emt 0:00:51]} 83. Nf3 {[%emt 0:00:27]} Ke6 {[%emt 0:00:37]} 84. Nd4+ {[%emt 0:00:21]} Kd6 {[%emt 0:00:21]} 85. Nf5+ {[%emt 0:00:22]} Kc5 {[%emt 0:00:22]} 86. Ne3 {[%emt 0:00:38]} Ra3 {[%emt 0:00:33]} 87. Nf5 {[%emt 0:00:28]} Ra8 {[%emt 0:00:48]} 88. Ne3 {[%emt 0:00:52]} Rd8 {[%emt 0:00:21]} 89. Ng4 {[%emt 0:00:44]} Rd4+ {[%emt 0:00:40]} 90. Kf5 {[%emt 0:00:24]} Ra4 {[%emt 0:00:53]} 91. Nf6 {[%emt 0:00:25]} Kd4 {[%emt 0:00:27]} 92. Ke6 {[%emt 0:00:23]} Ra1 {[%emt 0:00:41]} 93. Kf5 {[%emt 0:00:31]} Re1 {[%emt 0:00:11]} 94. Ng4 {[%emt 0:00:43]} Re8 {[%emt 0:00:25]} 95. Nf6 {[%emt 0:00:24]} Re5+ {[%emt 0:01:01]} 96. Kf4 {[%emt 0:00:23]} Ra5 {[%emt 0:00:34]} 97. Ng4 {[%emt 0:00:23]} Ra8 {[%emt 0:00:33]} 98. Kf5 {[%emt 0:00:23]} Ra1 {[%emt 0:00:27]} 99. Nf6 {[%emt 0:00:28]} Re1 {[%emt 0:00:23]} 100. Ng4 {[%emt 0:00:25]} Rf1+ {[%emt 0:00:33]} 101. Ke6 {[%emt 0:00:23]} Rf3 {[%emt 0:00:37]} 102. Nf6 {[%emt 0:00:24]} Rf4 {[%emt 0:00:23]} 103. Nd7 {[%emt 0:00:29]} Re4+ {[%emt 0:00:30]} 104. Kf5 {[%emt 0:00:28]} Re7 {[%emt 0:00:31]} 105. Nf6 {[%emt 0:00:23]} Re5+ {[%emt 0:00:27]} 106. Kf4 {[%emt 0:00:21]} Re6 {[%emt 0:00:21]} 107. Kf5 {[%emt 0:00:21]} Rxf6+ {[%emt 0:00:20]} 108. Kxf6 {[%emt 0:00:33]} 1/2-1/2